000 00725nam a22002177a 4500
005 20240530110436.0
008 150401s2009 ua f 000 e ara d
017 _a2005/13735
_bمصر . دار الكتب المصرية
020 _a9770913022
040 _aEG-CaGPL
082 0 4 _221
_a303.4\
_bف ع
100 0 _aفهمى هويدى
245 1 0 _aعن الفساد وسنينة /
_cفهمى هويدى
250 _aط. 3
260 _aالقاهرة :
_bدار الشروق ،
_c2009.
300 _a270 ص ؛
_c24 سم.
651 0 4 _aمصر
_xالاحوال السياسية
_xمقالات
651 0 4 _aمصر
_xمقالات و محاضرات
942 _2ddc
_cBK
999 _c60947
_d60947